TOP 10 piosenek - Szpaku - Statystyki

Ogólne statystyki
  • Ten quiz został rozwiązany 737 razy
    687 od ostatniego zresetowania
  • Średni wynik to 4 z 10
Statystyki odpowiedzi
# views utwór % Poprawnych
2 63 mln Hinata
90%
1 65 mln #Hot16Challenge2
75%
4 55 mln Oddajemy krew Wampirom
62%
6 43 mln UFO
57%
7 40 mln BAJKA
45%
8 34 mln MINIMINI
34%
3 55 mln Kontrola Jakości
29%
5 45 mln Ninja
26%
10 31 mln Ból
18%
9 32 mln Sicario
9%
Nie znaleziono quizów pasujących do podanych kryteriów
Rozkład punktacji
Procent ludzi z każdym wynikiem
Percentyl według liczby udzielonych odpowiedzi
Twoja historia wyników
Nie rozwiązałeś tego quizu od ostatniego zresetowania